000 00770nam a2200181 i 4500
001 3659
003 ES-MaACL
005 20250902073144.0
008 200218s1966 sp |||| | spa d
245 0 0 _aOficinas y seguros
_b: Reglamentacion nacional de trabajo en oficinas y despachos... Decreto 55 y 56/1963, de 17 de enero y 2419/1966 de 10 de septiembre y normas para su aplicacion Estatutos de las mutualidades laborales. Mejora de prestaciones.
260 _aMadrid :
_bGarcia Enciso,
_c[1966]
300 _a202 p. ;
_c16 cm.
490 1 _aColección "García Enciso"
650 4 _aEmpleados de oficina-
_xEstatuto jurídico-
_zEspaña.
_9169618
830 0 0 _aColección "García Enciso"
_9176884
852 _aES-MaACL
_jP-1332-4
999 _c3659
_d3659